Datum a čas kvízu

10 Celkem bodů Celkový počet nahraných bodů na tomto kvízu bez doplňovacích otázek.
5. Pořadí na kvízu Konečné umístění týmu na tomto kvízu.

Zaznamenané odpovědi

# Otázka Odpověď Body Výsledky
1. Jeden z vysokých ústavních čin... Radek Vondráček 0
2. Norští archeologové našli v le... lyže 0
3. Jedna britská kapela se rozhod... Rolling Stones 0
4. Po 75 letech existence minulý... Alitalia 0
5. Profesionální kariéru minulý t... Roman Kreuziger 0
6. Pokřín obecný je rostlina, kte... mandragora 0
7. Asa smrdutá je asijská rostlin... čertovo lejno 0
8. Vigna zlatá je rostlina z čele... mungo 0
9. Ledvinovník západní je tropick... oříšky kešu 0
10. Paznehtník je metr vysoká byli... akant 0